[Event "Dhaka Marcel op"]
[Site "Dhaka"]
[Date "2022.04.26"]
[Round "8"]
[White "Osman, Goni"]
[Black "Hasan, Azizul"]
[Result "1-0"]
[WhiteElo "1620"]
[BlackElo "1388"]
[PlyCount "59"]
[EventDate "2022.04.19"]
[EventType "swiss"]
[EventRounds "9"]
[EventCountry "BAN"]
[SourceTitle "EXT 2023"]
[Source "ChessBase"]
[SourceDate "2022.10.05"]
[SourceVersion "1"]
[SourceVersionDate "2022.10.05"]
[SourceQuality "1"]

1. c4 g6 2. Nc3 Nf6 3. e4 d6 4. d4 Bg7 5. f3 0-0 6. Be3 Nbd7 7. h4 e5 8. d5 Nh5 9. Qd2 Ng3 10. Rh2 Nxf1 11. Kxf1 f5 12. Bh6 f4 13. Bxg7 Kxg7 14. Nge2 Nf6 15. b4 a6 16. a4 Nh5 17. Kf2 g5 18. hxg5 Qxg5 19. Rah1 Nf6 20. c5 h5 21. Qd3 Rh8 22. Qc4 h4 23. cxd6 cxd6 24. Qc7+ Bd7 25. Qxd6 Rac8 26. Qe7+ Kg6 27. Qd6 b5 28. a5 Rh7 29. Qxa6 Rch8 30. Qd6 1-0

[Event "Dhaka SGS op"]
[Site "Dhaka"]
[Date "2017.06.03"]
[Round "1"]
[White "Hasan, Azizul"]
[Black "Md Abu, Hanif"]
[Result "0-1"]
[WhiteElo "1599"]
[BlackElo "2017"]
[PlyCount "64"]
[EventDate "2017.06.03"]
[EventType "swiss"]
[EventRounds "9"]
[EventCountry "BAN"]
[SourceTitle "EXT 2019"]
[Source "ChessBase"]
[SourceDate "2018.10.10"]
[SourceVersion "1"]
[SourceVersionDate "2018.10.10"]
[SourceQuality "1"]

1. Nc3 d5 2. d4 Bf5 3. Nf3 Nc6 4. a3 e6 5. h3 a6 6. Bf4 Rc8 7. Bg3 Be7 8. e3 Nh6 9. Bd3 0-0 10. Qd2 Re8 11. 0-0-0 b5 12. Na2 Bxd3 13. Qxd3 Na5 14. Ne5 Nc4 15. Nc6 Qd7 16. Nxe7+ Qxe7 17. Bf4 Nf5 18. g4 Nfd6 19. h4 c5 20. h5 a5 21. g5 cxd4 22. g6 Nf5 23. gxh7+ Kxh7 24. h6 g5 25. Bh2 dxe3 26. fxe3 Qf6 27. c3 Ncxe3 28. Rde1 d4 29. Kb1 Nc4 30. Bg1 dxc3 31. Bd4 Qxd4 32. Qxc3 Nd2+ 0-1

[Event "BAN-chB 41st"]
[Site "Dhaka"]
[Date "2015.10.19"]
[Round "5"]
[White "Aminul, Islam Helal"]
[Black "Hasan, Azizul"]
[Result "0-1"]
[WhiteElo "1810"]
[BlackElo "1615"]
[PlyCount "26"]
[EventDate "2015.10.15"]
[EventType "swiss"]
[EventRounds "11"]
[EventCountry "BAN"]
[SourceTitle "CBM 169 Extra"]
[Source "ChessBase"]
[SourceDate "2015.12.18"]
[SourceVersion "1"]
[SourceVersionDate "2015.12.18"]
[SourceQuality "1"]

1. e4 c5 2. Be2 Nc6 3. Nf3 a6 4. c3 e6 5. d3 d5 6. e5 Qc7 7. d4 cxd4 8. cxd4 Nge7 9. Bd2 Nf5 10. Bc3 b5 11. a3 Bb7 12. Bd3 Be7 13. Bxf5 exf5 0-1